[Event "Piraeus GM 01"]
[Site "Piraeus"]
[Date "2024.01.03"]
[Round "1"]
[White "Nikolaidis, Ioannis"]
[Black "Nagarkatte, Vedant"]
[Result "1/2-1/2"]
[WhiteElo "2516"]
[BlackElo "2320"]
[PlyCount "60"]
[EventDate "2024.01.03"]
[EventType "tourn"]
[EventRounds "9"]
[EventCountry "GRE"]
[EventCategory "7"]
[SourceTitle "CB03_2024"]
[SourceDate "2024.01.17"]
[SourceVersion "1"]
[SourceVersionDate "2024.01.17"]
[SourceQuality "1"]

1. d4 Nf6 2. c4 e6 3. Nf3 d5 4. g3 dxc4 5. Bg2 c5 6. 0-0 Nc6 7. dxc5 Qxd1 8. Rxd1 Bxc5 9. Nbd2 c3 10. bxc3 0-0 11. Nb3 Be7 12. Nfd4 Bd7 13. Nxc6 Bxc6 14. Bxc6 bxc6 15. Bg5 h6 16. Bxf6 Bxf6 17. Rac1 a5 18. Rd6 Rfb8 19. Rc2 a4 20. Nc1 a3 21. Nd3 Rb1+ 22. Kg2 Rab8 23. Rxc6 R1b2 24. Nb4 Be7 25. Kf3 Rxc2 26. Nxc2 Rb2 27. Nb4 Bxb4 28. cxb4 Rxa2 29. Ra6 Rb2 30. Ra8+ Kh7 1/2-1/2

[Event "Qatar Masters op"]
[Site "Doha"]
[Date "2023.10.19"]
[Round "8"]
[White "Nagarkatte, Vedant"]
[Black "Mohammad, Nubairshah Shaikh"]
[Result "0-1"]
[WhiteElo "2345"]
[BlackElo "2432"]
[PlyCount "78"]
[EventDate "2023.10.11"]
[EventType "swiss"]
[EventRounds "9"]
[EventCountry "QAT"]
[SourceTitle "Mega2024 Update 01"]
[Source "Chessbase"]
[SourceDate "2023.11.12"]
[SourceVersion "1"]
[SourceVersionDate "2023.11.12"]
[SourceQuality "1"]

1. e4 c5 2. Nf3 e6 3. d4 cxd4 4. Nxd4 Nc6 5. Nc3 Qc7 6. Be3 a6 7. a3 Nf6 8. Be2 Be7 9. 0-0 0-0 10. f4 d6 11. Kh1 Bd7 12. Nb3 b5 13. Bf3 Rab8 14. Qe2 Rfc8 15. g4 b4 16. axb4 Nxb4 17. g5 Ne8 18. Rg1 d5 19. exd5 Nxd5 20. Nxd5 exd5 21. Rg2 a5 22. Nd4 Bc5 23. c3 Nd6 24. Bxd5 Re8 25. Qf3 Nc4 26. Bg1 Nb6 27. Ba2 Bxd4 28. cxd4 Bf5 29. Bb1 Re1 30. Bxf5 Rxa1 31. Rc2 Qd6 32. Qe4 g6 33. Bh3 Nd5 34. Rf2 Nc7 35. Bg2 Re8 36. Qf3 Ree1 37. Rf1 Rxf1 38. Bxf1 Qd5 39. Bg2 Qxd4 0-1

[Event "Qatar Masters op"]
[Site "Doha"]
[Date "2023.10.14"]
[Round "4"]
[White "Seemann, Jakub"]
[Black "Nagarkatte, Vedant"]
[Result "0-1"]
[WhiteElo "2431"]
[BlackElo "2345"]
[PlyCount "176"]
[EventDate "2023.10.11"]
[EventType "swiss"]
[EventRounds "9"]
[EventCountry "QAT"]
[SourceTitle "Mega2024 Update 01"]
[Source "Chessbase"]
[SourceDate "2023.11.12"]
[SourceVersion "1"]
[SourceVersionDate "2023.11.12"]
[SourceQuality "1"]

1. d4 Nf6 2. c4 e6 3. Nf3 d5 4. g3 dxc4 5. Bg2 c5 6. 0-0 Nc6 7. dxc5 Qxd1 8. Rxd1 Bxc5 9. Nfd2 Ne5 10. Na3 Bxa3 11. bxa3 Nd5 12. Ne4 f6 13. Bb2 Nf7 14. Rac1 b5 15. Nc3 Rb8 16. Nxd5 exd5 17. Bd4 Bb7 18. Bxa7 Rd8 19. Rb1 Bc6 20. Bb6 Rd7 21. a4 bxa4 22. Bh3 Rb7 23. Bc8 Rb8 24. Be6 Ke7 25. Bf5 Nd6 26. Bc5 g6 27. Bh3 f5 28. f3 Ke6 29. Rbc1 Rhd8 30. Rd2 Nb5 31. e3 Rd7 32. g4 Rdb7 33. gxf5+ gxf5 34. Rg2 Nd6 35. Bd4 Rb1 36. Rxb1 Rxb1+ 37. Kf2 Nb5 38. Bh8 Rc1 39. Kg3 c3 40. Kf4 Nd6 41. Be5 a3 42. Bxd6 Kxd6 43. Bxf5 Ba4 44. Rg8 c2 45. Rd8+ Kc6 46. Ra8 Rb1 47. Bxc2 Bxc2 48. Rc8+ Kb5 49. Rxc2 Rb2 50. Rc7 Rxh2 51. Ke5 h5 52. Rh7 Kc4 53. f4 Rxa2 54. Rc7+ Kd3 55. Kxd5 Kxe3 56. f5 Rf2 57. Ke6 a2 58. Ra7 h4 59. f6 h3 60. f7 Rxf7 61. Ra3+ Kf4 62. Ra4+ Kg3 63. Kxf7 h2 64. Rxa2 h1Q 65. Ra3+ Kg4 66. Ra4+ Kg5 67. Ra5+ Kh6 68. Ra6+ Kh7 69. Rd6 Qh5+ 70. Kf6 Qg6+ 71. Ke5 Qg3+ 72. Kd5 Kg7 73. Re6 Kf7 74. Re4 Kf6 75. Re6+ Kf5 76. Re8 Qd3+ 77. Kc5 Qc3+ 78. Kd6 Qd4+ 79. Kc7 Qc5+ 80. Kd7 Kf6 81. Re6+ Kf7 82. Rh6 Qf5+ 83. Kc6 Ke7 84. Kb6 Kd7 85. Rh1 Qe6+ 86. Ka7 Qa2+ 87. Kb6 Qb3+ 88. Kc5 Qc3+ 0-1

[Event "Qatar Masters op"]
[Site "Doha"]
[Date "2023.10.12"]
[Round "2"]
[White "Nagarkatte, Vedant"]
[Black "Vantika, Agrawal"]
[Result "0-1"]
[WhiteElo "2345"]
[BlackElo "2435"]
[PlyCount "122"]
[EventDate "2023.10.11"]
[EventType "swiss"]
[EventRounds "9"]
[EventCountry "QAT"]
[SourceTitle "Mega2024 Update 01"]
[Source "Chessbase"]
[SourceDate "2023.11.12"]
[SourceVersion "1"]
[SourceVersionDate "2023.11.12"]
[SourceQuality "1"]

1. e4 c5 2. Nf3 d6 3. d4 cxd4 4. Nxd4 Nf6 5. Nc3 a6 6. Be3 e5 7. Nb3 Be7 8. f3 Be6 9. Qd2 0-0 10. 0-0-0 Nbd7 11. g4 b5 12. Nd5 Bxd5 13. exd5 Nb6 14. Na5 Nfxd5 15. Nc6 Qc7 16. Nxe7+ Qxe7 17. Bxb6 Nxb6 18. Qxd6 Qg5+ 19. Qd2 Qf6 20. g5 Qe7 21. Qe3 Rfd8 22. Bd3 Nd5 23. Bxh7+ Kxh7 24. Rxd5 Rxd5 25. Qe4+ g6 26. Qxd5 Rd8 27. Qe4 Qxg5+ 28. Kb1 Rd4 29. Qb7 Qf6 30. Re1 Kg7 31. a3 Qd6 32. Kc1 b4 33. axb4 Rxb4 34. Qc8 Ra4 35. Kb1 Qd2 36. Qc3 Qxc3 37. bxc3 Kf6 38. Kb2 Rf4 39. Re3 a5 40. Kc1 Ke6 41. Rd3 g5 42. Kb2 a4 43. Ka3 Rc4 44. Kb2 g4 45. fxg4 Rxg4 46. Rd8 Rc4 47. Ra8 f5 48. Ra6+ Kd5 49. Ra5+ Ke4 50. Kc1 Kf4 51. Kd2 e4 52. h4 Kg4 53. h5 f4 54. h6 Rc6 55. Rxa4 Kf3 56. h7 Rh6 57. Ra7 Rh2+ 58. Kc1 e3 59. c4 Rh1+ 60. Kb2 e2 61. Ra1 Rxh7 0-1

[Event "Arandjelovac op 2nd"]
[Site "Arandjelovac"]
[Date "2023.08.04"]
[Round "7"]
[White "Md Imran"]
[Black "Nagarkatte, Vedant"]
[Result "1/2-1/2"]
[WhiteElo "2197"]
[BlackElo "2218"]
[PlyCount "96"]
[EventDate "2023.07.31"]
[EventType "swiss"]
[EventRounds "9"]
[EventCountry "SRB"]
[SourceTitle "CBM 215 Extra"]
[Source "ChessBase"]
[SourceDate "2023.09.30"]
[SourceVersion "1"]
[SourceVersionDate "2023.09.30"]
[SourceQuality "1"]

1. Nf3 d5 2. d4 Nf6 3. Bf4 c6 4. Nbd2 Bf5 5. e3 e6 6. Be2 h6 7. 0-0 Bd6 8. Ne5 Qe7 9. c4 Nbd7 10. Qb3 Rb8 11. Ndf3 g5 12. Bg3 Ne4 13. Nxd7 Nxg3 14. hxg3 Qxd7 15. Bd3 Bxd3 16. Qxd3 f5 17. Rfd1 0-0 18. Kf1 Qg7 19. Ke2 Rbd8 20. Rab1 Qe7 21. a3 a5 22. c5 Bc7 23. b4 axb4 24. Rxb4 Bb8 25. Rdb1 Rd7 26. Qb3 Rf7 27. Qa4 Rf8 28. Qb3 Rf7 29. Ra4 Rf8 30. Ra8 g4 31. Ne1 e5 32. dxe5 Bxe5 33. Rxf8+ Kxf8 34. Nd3 d4 35. exd4 Bxd4+ 36. Kf1 Qf7 37. Qc2 Re7 38. Nf4 Be5 39. Nd3 Bg7 40. a4 Rd7 41. a5 Qd5 42. Nf4 Qe4 43. Qb3 Bc3 44. Kg1 Bxa5 45. Kh2 Bd2 46. Rd1 Qe8 47. Ne6+ Ke7 48. Nf4 Kf8 1/2-1/2

[Event "AUT-ch"]
[Site "Vienna"]
[Date "2023.07.27"]
[Round "6"]
[White "Nagarkatte, Vedant"]
[Black "Kindermann, Stefan"]
[Result "1/2-1/2"]
[WhiteElo "2109"]
[BlackElo "2459"]
[PlyCount "49"]
[EventDate "2023.07.22"]
[EventType "swiss"]
[EventRounds "9"]
[EventCountry "AUT"]
[SourceTitle "CBM 215 Extra"]
[Source "ChessBase"]
[SourceDate "2023.09.30"]
[SourceVersion "1"]
[SourceVersionDate "2023.09.30"]
[SourceQuality "1"]

1. e4 e6 2. d4 d5 3. Nd2 c5 4. Ngf3 cxd4 5. Nxd4 Nf6 6. exd5 Nxd5 7. N2f3 Bb4+ 8. Bd2 0-0 9. Bxb4 Nxb4 10. c3 Nd5 11. Bc4 Nf6 12. 0-0 Qc7 13. Qe2 a6 14. a4 Re8 15. Ne5 Bd7 16. Rfd1 Nc6 17. Nxd7 Qxd7 18. Rd2 Nxd4 19. Rxd4 Qc6 20. Bb3 Rad8 21. Rad1 Qb6 22. Rb4 Qc7 23. Rc4 Qb6 24. Rb4 Qc7 25. Rc4 1/2-1/2

[Event "AUT-ch"]
[Site "Vienna"]
[Date "2023.07.26"]
[Round "5"]
[White "Ganaus, Hannes"]
[Black "Nagarkatte, Vedant"]
[Result "0-1"]
[WhiteElo "2261"]
[BlackElo "2109"]
[PlyCount "60"]
[EventDate "2023.07.22"]
[EventType "swiss"]
[EventRounds "9"]
[EventCountry "AUT"]
[SourceTitle "CBM 215 Extra"]
[Source "ChessBase"]
[SourceDate "2023.09.30"]
[SourceVersion "1"]
[SourceVersionDate "2023.09.30"]
[SourceQuality "1"]

1. d4 d5 2. Nf3 Nf6 3. c4 c6 4. e3 Bf5 5. Bd3 Bxd3 6. Qxd3 Nbd7 7. 0-0 e6 8. Nc3 Bd6 9. e4 dxc4 10. Qxc4 e5 11. Bg5 Qe7 12. Rad1 0-0 13. h3 Rac8 14. Qe2 b5 15. dxe5 Nxe5 16. Nh4 Bc5 17. Qd2 Qe6 18. Qf4 Ng6 19. Nxg6 fxg6 20. Qc1 Bb6 21. Bxf6 Rxf6 22. Qc2 Rcf8 23. Rd2 Rf4 24. a3 g5 25. Qd3 g4 26. hxg4 Qxg4 27. Qh3 Qg5 28. Qe6+ Kh8 29. e5 Rg4 30. Qxc6 Qxd2 0-1

[Event "AUT-ch"]
[Site "Vienna"]
[Date "2023.07.22"]
[Round "1"]
[White "Baidetsky, Valentin"]
[Black "Nagarkatte, Vedant"]
[Result "1-0"]
[WhiteElo "2492"]
[BlackElo "2109"]
[PlyCount "69"]
[EventDate "2023.07.22"]
[EventType "swiss"]
[EventRounds "9"]
[EventCountry "AUT"]
[SourceTitle "CBM 215 Extra"]
[Source "ChessBase"]
[SourceDate "2023.09.30"]
[SourceVersion "1"]
[SourceVersionDate "2023.09.30"]
[SourceQuality "1"]

1. e4 c5 2. Nc3 Nc6 3. Bb5 Nd4 4. Nf3 g6 5. 0-0 Bg7 6. Nxd4 cxd4 7. Ne2 a6 8. Ba4 b5 9. Bb3 Bb7 10. d3 d5 11. Ng3 Nf6 12. e5 Nd7 13. f4 e6 14. Ne2 Qb6 15. a4 0-0 16. a5 Qa7 17. Bd2 f6 18. exf6 Bxf6 19. Kh1 Nc5 20. Ng1 Nxb3 21. cxb3 Bc6 22. Bb4 Rfc8 23. Rc1 Bd7 24. Qe2 Rxc1 25. Rxc1 Rc8 26. Rxc8+ Bxc8 27. Qc2 Bd7 28. Nf3 Qb8 29. Qc5 h6 30. h3 Bg7 31. Qe7 Qc8 32. Bc5 Be8 33. Nxd4 Bxd4 34. Qf8+ Kh7 35. Bxd4 1-0

[Event "Piestany op-A"]
[Site "Piestany"]
[Date "2023.07.18"]
[Round "8"]
[White "Rudzinska, Michalina"]
[Black "Nagarkatte, Vedant"]
[Result "1-0"]
[WhiteElo "2257"]
[BlackElo "2109"]
[PlyCount "101"]
[EventDate "2023.07.11"]
[EventType "swiss"]
[EventRounds "9"]
[EventCountry "SVK"]
[SourceTitle "EXT 2024"]
[Source "ChessBase"]
[SourceDate "2023.10.10"]
[SourceVersion "1"]
[SourceVersionDate "2023.10.10"]
[SourceQuality "1"]

1. e4 c5 2. Nf3 d6 3. d4 cxd4 4. Nxd4 Nf6 5. Nc3 a6 6. Rg1 e5 7. Nb3 Be6 8. g4 d5 9. exd5 Nxd5 10. Nxd5 Qxd5 11. Qxd5 Bxd5 12. Be3 Nc6 13. 0-0-0 0-0-0 14. g5 Kc7 15. c4 Be6 16. Rxd8 Nxd8 17. Nc5 Bxc5 18. Bxc5 Nc6 19. b3 Rd8 20. Bg2 b6 21. Ba3 Rd4 22. Rd1 Bg4 23. Re1 Rf4 24. Re4 Rxe4 25. Bxe4 g6 26. Kd2 Nd4 27. Ke3 Ne6 28. f3 Bh3 29. Be7 Kd7 30. Bf6 Kd6 31. b4 Bf1 32. Bd5 b5 33. Ke4 bxc4 34. Bxe5+ Kd7 35. h4 Bd3+ 36. Ke3 Nd8 37. a4 Nc6 38. Bc3 Ne7 39. Bb7 Nf5+ 40. Kf4 Nxh4 41. Bxa6 Be2 42. Bb7 Ng2+ 43. Kg3 Ne3 44. a5 Kc7 45. Be4 Nf5+ 46. Kf4 Bd3 47. Be5+ Kc8 48. Bc6 Ne7 49. Ba8 Bf5 50. a6 Bd7 51. Bb7+ 1-0

[Event "Vrindavana MMT op"]
[Site "Mathura"]
[Date "2023.04.27"]
[Round "9"]
[White "Nagarkatte, Vedant"]
[Black "Naveen Kanniyappan, S."]
[Result "1-0"]
[WhiteElo "1698"]
[BlackElo "1523"]
[PlyCount "79"]
[EventDate "2023.04.23"]
[EventType "swiss"]
[EventRounds "9"]
[EventCountry "IND"]
[SourceTitle "CBM 213 Extra"]
[Source "ChessBase"]
[SourceDate "2023.05.31"]
[SourceVersion "1"]
[SourceVersionDate "2023.05.31"]
[SourceQuality "1"]

1. e4 e5 2. Nf3 Nc6 3. Bc4 Nf6 4. d3 Be7 5. c3 d6 6. Nbd2 0-0 7. 0-0 Na5 8. Bb5 a6 9. Ba4 b5 10. Bc2 c5 11. Re1 Nc6 12. Nf1 Re8 13. Ng3 Bf8 14. h3 Rb8 15. d4 b4 16. Ba4 Bd7 17. dxc5 dxc5 18. Bg5 Rb7 19. Bxc6 Bxc6 20. Qxd8 Rxd8 21. Nxe5 Be8 22. Ng4 Be7 23. Bxf6 gxf6 24. Nf5 Kf8 25. e5 Bd7 26. Nxe7 Bxg4 27. exf6 Be6 28. cxb4 cxb4 29. Rad1 Rbd7 30. Rxd7 Rxd7 31. Nc6 Rd6 32. Rc1 Bxa2 33. Nxb4 Be6 34. Rc6 Rd1+ 35. Kh2 Ke8 36. Rxa6 Rd2 37. f3 Bc4 38. Rc6 Bb5 39. Rc8+ Kd7 40. Rc5 1-0

[Event "Vrindavana MMT op"]
[Site "Mathura"]
[Date "2023.04.25"]
[Round "6"]
[White "Kumar, Gaurav"]
[Black "Nagarkatte, Vedant"]
[Result "1-0"]
[WhiteElo "2021"]
[BlackElo "1698"]
[PlyCount "65"]
[EventDate "2023.04.23"]
[EventType "swiss"]
[EventRounds "9"]
[EventCountry "IND"]
[SourceTitle "CBM 213 Extra"]
[Source "ChessBase"]
[SourceDate "2023.05.31"]
[SourceVersion "1"]
[SourceVersionDate "2023.05.31"]
[SourceQuality "1"]

1. Nf3 d5 2. g3 Nf6 3. Bg2 Bf5 4. 0-0 e6 5. c4 c6 6. b3 Nbd7 7. Bb2 Bd6 8. d3 Bg6 9. Nbd2 Qe7 10. e4 dxe4 11. Nxe4 Nxe4 12. dxe4 e5 13. Nh4 Rd8 14. Nf5 Bxf5 15. exf5 Ba3 16. Bxa3 Qxa3 17. Qd2 0-0 18. Rfd1 f6 19. b4 Rfe8 20. Qd6 Qc3 21. Qc7 Nf8 22. Qxb7 Rxd1+ 23. Rxd1 Qc2 24. Rf1 Qxc4 25. Qxc6 Qxc6 26. Bxc6 Rd8 27. a4 Kf7 28. b5 Ke7 29. a5 Nd7 30. b6 Nb8 31. Bb7 a6 32. Rc1 Rd7 33. Rc8 1-0

[Event "Vrindavana MMT op"]
[Site "Mathura"]
[Date "2023.04.25"]
[Round "5"]
[White "Nagarkatte, Vedant"]
[Black "Rajesh, VAV"]
[Result "1/2-1/2"]
[WhiteElo "1698"]
[BlackElo "2323"]
[PlyCount "91"]
[EventDate "2023.04.23"]
[EventType "swiss"]
[EventRounds "9"]
[EventCountry "IND"]
[SourceTitle "CBM 213 Extra"]
[Source "ChessBase"]
[SourceDate "2023.05.31"]
[SourceVersion "1"]
[SourceVersionDate "2023.05.31"]
[SourceQuality "1"]

1. e4 e5 2. Nf3 Nc6 3. Bc4 Bc5 4. c3 Nf6 5. d4 exd4 6. e5 d5 7. Bb5 Ne4 8. cxd4 Bb6 9. Nc3 0-0 10. Be3 Bg4 11. h3 Bh5 12. Qc2 Bg6 13. Qb3 Ne7 14. 0-0 c6 15. Bd3 Nd2 16. Nxd2 Bxd3 17. Rfe1 Bg6 18. Na4 Nf5 19. Nxb6 axb6 20. Nf3 Nxe3 21. Rxe3 Re8 22. Rae1 Be4 23. Nd2 Bf5 24. g4 Bd7 25. f4 h5 26. Rg3 b5 27. a3 hxg4 28. hxg4 Qh4 29. Kg2 Qh6 30. Qe3 c5 31. Rh1 cxd4 32. Qxd4 Ra4 33. b4 Qe6 34. Kf2 f6 35. Re1 Bc6 36. Ree3 Rf8 37. f5 fxe5 38. Rxe5 Qh6 39. Kg2 Re8 40. Rxe8+ Bxe8 41. g5 Qh5 42. Qxd5+ Kf8 43. Qd6+ Kg8 44. Qd5+ Kf8 45. Qd6+ Kg8 46. Qd5+ 1/2-1/2

[Event "Bikaner op 1st"]
[Site "Bikaner"]
[Date "2022.10.09"]
[Round "10"]
[White "Nagarkatte, Vedant"]
[Black "Majumder, Shrayan"]
[Result "1/2-1/2"]
[WhiteElo "1659"]
[BlackElo "1789"]
[PlyCount "70"]
[EventDate "2022.10.01"]
[EventType "swiss"]
[EventRounds "10"]
[EventCountry "IND"]
[SourceTitle "CBM 210 Extra"]
[Source "ChessBase"]
[SourceDate "2022.11.30"]
[SourceVersion "1"]
[SourceVersionDate "2022.11.30"]
[SourceQuality "1"]

1. e4 e5 2. Nf3 Nf6 3. Nxe5 Nxe4 4. d3 Nf6 5. d4 Be7 6. Bd3 0-0 7. 0-0 d6 8. Nf3 Re8 9. h3 c5 10. c3 a6 11. Bg5 h6 12. Bh4 Nc6 13. Nbd2 Bd7 14. Re1 Rc8 15. Nc4 Bf8 16. Rxe8 Bxe8 17. Ne3 cxd4 18. cxd4 g6 19. Nd5 Bg7 20. Rc1 Bd7 21. Ne3 b5 22. a3 Na5 23. Rxc8 Qxc8 24. Bxf6 Bxf6 25. Nd5 Bd8 26. Qd2 Kg7 27. Qf4 Nb7 28. Be4 Bf5 29. Nc3 Bxe4 30. Qxe4 Na5 31. Qe8 Nc6 32. Ne4 Ne7 33. Nc3 Nc6 34. Ne4 Ne7 35. Nc3 Nc6 1/2-1/2

[Event "Bikaner op 1st"]
[Site "Bikaner"]
[Date "2022.10.06"]
[Round "7"]
[White "Nagarkatte, Vedant"]
[Black "Nguyen, Thanh Thuy Tien"]
[Result "0-1"]
[WhiteElo "1659"]
[BlackElo "1910"]
[PlyCount "166"]
[EventDate "2022.10.01"]
[EventType "swiss"]
[EventRounds "10"]
[EventCountry "IND"]
[SourceTitle "CBM 210 Extra"]
[Source "ChessBase"]
[SourceDate "2022.11.30"]
[SourceVersion "1"]
[SourceVersionDate "2022.11.30"]
[SourceQuality "1"]

1. e4 c5 2. Nf3 d6 3. d4 cxd4 4. Qxd4 Nc6 5. Bb5 Bd7 6. Bxc6 Bxc6 7. Nc3 h6 8. Be3 Nf6 9. h3 e5 10. Qd3 Be7 11. 0-0-0 0-0 12. g4 b5 13. g5 hxg5 14. Nxg5 b4 15. Nd5 Nxd5 16. exd5 Bxg5 17. dxc6 Rc8 18. Qxd6 Bxe3+ 19. fxe3 Qb6 20. Qxe5 Rfe8 21. Qd4 Qxc6 22. Rh2 Re4 23. Qd3 a5 24. Qd5 Qg6 25. Rf2 Rec4 26. Qd3 Qe6 27. Kb1 a4 28. Qd5 Qg6 29. Qd3 Qb6 30. Qd5 R4c7 31. Qd4 Qg6 32. Qg4 Qb6 33. Qd4 Qb8 34. Rg1 g6 35. Qd5 Qb6 36. Rgf1 Qb7 37. Qxb7 Rxb7 38. Rd2 a3 39. Rfd1 Kg7 40. Rd3 Rbc7 41. R1d2 axb2 42. Rb3 Rc3 43. Kxb2 Kf6 44. Rf2+ Kg5 45. Rxb4 Rxe3 46. Rb3 Re7 47. Rg2+ Kh5 48. Rgg3 f5 49. a4 Re4 50. Rb7 g5 51. h4 Kxh4 52. Rg1 g4 53. Rf7 Rxa4 54. Rxf5 Rb4+ 55. Kc1 Rbc4 56. Rf2 g3 57. Rfg2 Rc3 58. Kb2 Kh3 59. Rd2 R3c4 60. Rh1+ Kg4 61. Rh7 Rb8+ 62. Kc1 Rg8 63. Kd1 Re4 64. c3 Re3 65. c4 Rc3 66. Rd4+ Kf3 67. Rf7+ Ke3 68. Rdd7 Rd3+ 69. Rxd3+ Kxd3 70. Rf3+ Ke4 71. Rf1 g2 72. Rg1 Kf3 73. Kd2 Kf2 74. Rxg2+ Kxg2 75. Kc3 Kf3 76. Kd4 Kf4 77. Kd5 Rd8+ 78. Ke6 Rc8 79. Kd5 Kf5 80. c5 Rd8+ 81. Kc6 Ke6 82. Kb7 Kd7 83. c6+ Kd6 0-1

[Event "IND-ch 58th"]
[Site "Kanpur"]
[Date "2022.02.25"]
[Round "1"]
[White "Nagarkatte, Vedant"]
[Black "Karthikeyan, Murali"]
[Result "0-1"]
[WhiteElo "2013"]
[BlackElo "2622"]
[PlyCount "92"]
[EventDate "2022.02.25"]
[EventType "swiss"]
[EventRounds "11"]
[EventCountry "IND"]
[SourceTitle "CBM 207 Extra"]
[Source "ChessBase"]
[SourceDate "2022.05.31"]
[SourceVersion "1"]
[SourceVersionDate "2022.05.31"]
[SourceQuality "1"]

1. e4 c5 2. Nf3 Nc6 3. d3 Nf6 4. g3 d6 5. Bg2 g6 6. 0-0 Bg7 7. c3 0-0 8. Re1 e5 9. Na3 h6 10. Nc2 Re8 11. h3 d5 12. exd5 Nxd5 13. Ne3 Nf6 14. Qc2 Be6 15. Nd2 Qd7 16. Kh2 b6 17. Ne4 Nd5 18. Qa4 Rac8 19. Nxd5 Bxd5 20. c4 Bxe4 21. Bxe4 Red8 22. Bd2 Ne7 23. Qxd7 Rxd7 24. Bc3 Rcd8 25. Re2 f5 26. Bg2 Rxd3 27. Bxe5 Rd2 28. Rae1 Rxe2 29. Rxe2 Bxe5 30. Rxe5 Kf7 31. Re2 g5 32. Bf3 Kf6 33. Kg2 Rd4 34. b3 Rd3 35. Bb7 h5 36. Kh2 h4 37. gxh4 gxh4 38. Bg2 Ng6 39. Bf1 Rd1 40. Bg2 Nf4 41. Rc2 Ke5 42. Bf3 Rd3 43. Bg2 Kd4 44. Bf1 Rd1 45. Be2 Re1 46. Bf3 Kd3 0-1

[Event "Eastern Asia-ch U16"]
[Site "Tornelo INT"]
[Date "2021.10.30"]
[Round "5"]
[White "Nagarkatte, Vedant"]
[Black "Tang, Yiheng"]
[Result "1-0"]
[WhiteElo "1248"]
[BlackElo "1468"]
[PlyCount "77"]
[EventDate "2021.10.29"]
[EventType "swiss"]
[EventRounds "9"]
[EventCountry "NET"]
[SourceTitle "CBM 205 Extra"]
[Source "ChessBase"]
[SourceDate "2022.01.31"]
[SourceVersion "1"]
[SourceVersionDate "2022.01.31"]
[SourceQuality "1"]

1. e4 c5 2. Nf3 d6 3. d3 Nc6 4. g3 g6 5. Bg2 Bg7 6. 0-0 e6 7. c3 Nge7 8. d4 cxd4 9. cxd4 d5 10. e5 h6 11. Nc3 b6 12. Nb5 0-0 13. Re1 Ba6 14. Qa4 Bxb5 15. Qxb5 a6 16. Qd3 b5 17. Bd2 Qb6 18. Rac1 Nf5 19. Be3 Nxe3 20. Qxe3 Rfc8 21. Qd2 Rc7 22. Rc2 Rac8 23. Rec1 Bf8 24. h4 a5 25. Bf1 b4 26. b3 Na7 27. Rxc7 Rxc7 28. Rxc7 Qxc7 29. Bd3 Kg7 30. Nh2 h5 31. g4 Qc3 32. Qe3 Be7 33. gxh5 Nc6 34. Ng4 Qxd4 35. Qh6+ Kg8 36. Be2 gxh5 37. Nf6+ Bxf6 38. exf6 Qa1+ 39. Kg2 1-0

[Event "Budapest FS10 Nadassy"]
[Site "Budapest"]
[Date "2021.10.09"]
[Round "7.2"]
[White "Kahn, Evarth"]
[Black "Nagarkatte, Vedant"]
[Result "1/2-1/2"]
[WhiteElo "2121"]
[BlackElo "1731"]
[PlyCount "138"]
[EventDate "2021.10.02"]
[EventType "schev"]
[EventRounds "9"]
[EventCountry "HUN"]
[SourceTitle "EXT 2023"]
[Source "ChessBase"]
[SourceDate "2022.10.05"]
[SourceVersion "1"]
[SourceVersionDate "2022.10.05"]
[SourceQuality "1"]
[WhiteTeam "Team Higher Elo"]
[BlackTeam "Team Lower Elo"]
[WhiteTeamCountry "HUN"]
[BlackTeamCountry "HUN"]

1. d4 d5 2. c4 e6 3. Nf3 Nf6 4. Bg5 Be7 5. e3 Nbd7 6. Nc3 0-0 7. Qc2 b6 8. cxd5 exd5 9. Rd1 Bb7 10. Bd3 Ne4 11. Bf4 Re8 12. 0-0 Bd6 13. Bxd6 cxd6 14. Rc1 a6 15. Qb3 Ndf6 16. Rc2 Re7 17. Rfc1 Nxc3 18. Rxc3 Ne4 19. R3c2 f5 20. Ne1 g6 21. Bf1 Nf6 22. Nd3 a5 23. g3 g5 24. Bh3 Bc8 25. Rc6 Rb8 26. Qc2 Be6 27. Ne1 Qd7 28. Rc7 Qxc7 29. Qxc7 Rxc7 30. Rxc7 Rc8 31. Rxc8+ Bxc8 32. f4 g4 33. Bf1 Kf7 34. Bd3 Ke6 35. Kf2 Bd7 36. Ke2 Ke7 37. Ng2 Kd8 38. Nh4 Ne4 39. Bxe4 dxe4 40. Kd2 b5 41. Kc3 Kc7 42. b4 Kb6 43. d5 Bc8 44. a3 a4 45. Ng2 Kc7 46. Ne1 Kd7 47. Nc2 Ke7 48. Nd4 Bd7 49. Ne2 Kd8 50. Kd4 Kc8 51. Ng1 Kd8 52. h3 h5 53. hxg4 hxg4 54. Ne2 Ke7 55. Kc3 Ke8 56. Nd4 Kd8 57. Nc2 Ke7 58. Ne1 Kf6 59. Ng2 Ke7 60. Nh4 Kf6 61. Kd4 Bc8 62. Ng2 Ke7 63. Ne1 Bd7 64. Nc2 Ke8 65. Kc3 Ke7 66. Nd4 Kd8 67. Ne2 Ke8 68. Kd4 Ke7 69. Nc3 Kf6 1/2-1/2

[Event "Udaipur Lakecity op 3rd"]
[Site "Udaipur"]
[Date "2019.03.28"]
[Round "2"]
[White "Nagarkatte, Vedant"]
[Black "Anadkat, Kartavya"]
[Result "1/2-1/2"]
[WhiteElo "1476"]
[BlackElo "1998"]
[PlyCount "121"]
[EventDate "2019.03.28"]
[EventType "swiss"]
[EventRounds "8"]
[EventCountry "IND"]
[SourceTitle "CBM 189 Extra"]
[Source "ChessBase"]
[SourceDate "2019.06.03"]
[SourceVersion "1"]
[SourceVersionDate "2019.06.03"]
[SourceQuality "1"]

1. e4 g6 2. d4 Bg7 3. Nc3 c6 4. f4 d5 5. e5 h5 6. h3 Nh6 7. Be3 Nf5 8. Bf2 Nd7 9. Nf3 Nf8 10. Rg1 h4 11. Bd3 Ne6 12. Bxf5 gxf5 13. Be3 Nf8 14. Qd2 Ng6 15. 0-0-0 e6 16. g4 hxg3 17. Rxg3 b6 18. Ng5 Bh6 19. Qg2 Bxg5 20. Rxg5 Qe7 21. Rg1 Ba6 22. Qg3 0-0-0 23. Rh1 Rh4 24. Qf2 Rdh8 25. Rg3 Qf8 26. Qf3 Qh6 27. Ne2 Qh5 28. Ng1 Qh6 29. Qf2 Rh5 30. Qd2 Nh4 31. Nf3 Nxf3 32. Rxf3 Rg8 33. Qf2 Qh7 34. Rg3 Rxg3 35. Qxg3 Rh6 36. Qg5 Kd7 37. Qg3 Rg6 38. Qf2 Qh5 39. Rh2 Qh8 40. Rh1 Bb5 41. b3 Ba6 42. Kb2 Qh5 43. Rh2 Ke8 44. Kc1 Kf8 45. Kb2 Bb7 46. Kc1 Kg8 47. h4 Kf8 48. Kb2 Ba6 49. Kc1 Qg4 50. Kd2 Qh5 51. Ke1 Rg4 52. Kd2 Kg7 53. Ke1 Kh6 54. Kd2 Qg6 55. Ke1 Kh5 56. Qf3 Kh6 57. Qf2 Rg3 58. Rh1 Rg2 59. Rg1 Rxg1+ 60. Qxg1 Qxg1+ 61. Bxg1 1/2-1/2